Las maras : (Record no. 137872)

MARC details
000 -LEADER
fixed length control field nam a22 7a 4500
005 - DATE AND TIME OF LATEST TRANSACTION
control field 20180126111202.0
008 - FIXED-LENGTH DATA ELEMENTS--GENERAL INFORMATION
fixed length control field 180126b mx ||||| |||| 00| 0 spa d
020 ## - INTERNATIONAL STANDARD BOOK NUMBER
International Standard Book Number 9786074790825
020 ## - INTERNATIONAL STANDARD BOOK NUMBER
International Standard Book Number 9786074778830
020 ## - INTERNATIONAL STANDARD BOOK NUMBER
International Standard Book Number 9786077111153
050 04 - LIBRARY OF CONGRESS CALL NUMBER
Classification number HV6437
Item number M37 2013
245 04 - TITLE STATEMENT
Title Las maras :
Remainder of title identidades juveniles al límite /
Statement of responsibility, etc José Manuel Valenzuela Arce; Alfredo Nateras Domínguez; Rossana Reguillo Cruz; Universidad Autónoma Metropolitana. Unidad Iztapalapa. Departamento de Sociología.; Colegio de la Frontera Norte (Tijuana, Baja California, Mexico)
250 ## - EDITION STATEMENT
Edition statement 2a ed.
260 ## - PUBLICATION, DISTRIBUTION, ETC. (IMPRINT)
Place of publication, distribution, etc México, D.F. :
Name of publisher, distributor, etc Universidad Autonoma Metropolitana, Unidad Iztapalapa, División de Ciencias Sociales y Humanidades, Departamento de Sociología ; Tijuana, B.C., México : El Colegio de la Frontera Norte ; México, D.F. : Juan Pablos Editor,
Date of publication, distribution, etc 2013.
300 ## - PHYSICAL DESCRIPTION
Extent xxiv, 383 p :
Other physical details il. ;
Dimensions 21 cm.
490 #0 - SERIES STATEMENT
Series statement Colección Estudios transnacionales.
504 ## - BIBLIOGRAPHY, ETC. NOTE
Bibliography, etc Incluye índice
650 #4 - SUBJECT ADDED ENTRY--TOPICAL TERM
Topical term or geographic name as entry element Pandillas
General subdivision Congresos.
Geographic subdivision México
650 #4 - SUBJECT ADDED ENTRY--TOPICAL TERM
Topical term or geographic name as entry element Pandillas
General subdivision Congresos.
Geographic subdivision América Central
650 #4 - SUBJECT ADDED ENTRY--TOPICAL TERM
Topical term or geographic name as entry element MS-13 (Pandilla)
General subdivision Congresos.
700 1# - ADDED ENTRY--PERSONAL NAME
Personal name Valenzuela Arce, José Manuel
Relator term coord.
700 1# - ADDED ENTRY--PERSONAL NAME
Personal name Reguillo Cruz, Rossana
Relator term coord.
700 1# - ADDED ENTRY--PERSONAL NAME
Personal name Nateras Domínguez, Alfredo
Relator term coord
710 1# - ADDED ENTRY--CORPORATE NAME
Corporate name or jurisdiction name as entry element Colegio de la Frontera Norte (Tijuana, Baja California, Mexico)
710 1# - ADDED ENTRY--CORPORATE NAME
Corporate name or jurisdiction name as entry element Universidad Autónoma Metropolitana.
942 ## - ADDED ENTRY ELEMENTS (KOHA)
Source of classification or shelving scheme Biblioteca del Cogreso de los Estados Unidos
Koha item type Libro
Holdings
Estado de pérdida Fuente de clasificación Estado del daño No para préstamo Ubicación permanente Ubicación actual Apartado o colección Fecha de adquisición Fuente de adquisición Edición Dependencia de educación superior (DES) Área del conocimiento Clasificación Código de Barras Date last seen Número de copia Tipo de recurso
  Biblioteca del Cogreso de los Estados Unidos     Biblioteca de la Facultad de Filosofía Biblioteca de la Facultad de Filosofía General 26/01/2018 Unidad Académica Genérico 2a ed. Humanidades Educación y Humanidades HV6437 M37 2013 BFF000028750 26/01/2018 C:1 Libro